| 000 | 00000nam##2200000za#4500 |
| 001 | 9.595076 |
| 003 | CaOODSP |
| 005 | 20210624202744 |
| 007 | cr ||||||||||| |
| 008 | 150406|2007||||xxc|||||o f|0| 0 fre|d |
| 020 | |a978-0-662-07166-2 |
| 040 | |aCaOODSP|bfre |
| 043 | |an-cn--- |
| 086 | 1 |aTU3-5/05-2F-PDF |
| 110 | 2 |aBureau de la sécurité des transports du Canada. |
| 245 | 10|aPerte de la gouverne de direction en vol de l'Airbus A310-308 C-GPAT exploité par Air Transat à 90 nm au sud de Miami en Floride le 6 mars 2005 |h[ressource électronique] |
| 260 | |aGatineau - Québec : |bBureau de la sécurité des transports du Canada |cle 21 juin 2007. |
| 300 | |a96p.|bfigures, glossaire, graphiques, tableaux, photographies |
| 490 | 1 |aRapport d'enquête aéronautique |vA05F0047 |
| 590 | |a09-06|b2009-02-06 |
| 691 | 07|aAccident d'avion|2gcpds |
| 775 | 08|tLoss of rudder in flight, Air Transat Airbus A310-308 C-GPAT, Miami, Florida, 90 nm S, 06 March 2005 |w(CaOODSP)9.563134 |
| 776 | 0#|tPerte de la gouverne de direction en vol de l'Airbus A310-308 C-GPAT exploité par Air Transat à 90 nm au sud de Miami en Floride, le 6 mars 2005 |w(CaOODSP)9.627602 |
| 830 | #0|aRapport d'enquête aéronautique ;|vA05F0047|w(CaOODSP)9.501229 |
| 856 | 40|ahttp://publications.gc.ca|qPDF|s1861 Ko|uhttps://publications.gc.ca/collections/collection_2008/tsb-bst/TU3-5-05-2F.pdf|yA05F0047 |